000 00440nam a2200193Ia 4500
008 170918s9999 xx 000 0 und d
020 _a439288274
050 _bH513 2000
100 _aHenkes, Kevin
245 _aWemberly worried /
245 _cKevin Henkes.
260 _aNew York :
260 _bScholastic,
260 _c2000
300 _aunpaged :
300 _bcolored illustration ;
300 _c26cm.
500 _a170
999 _c341070
_d341070